000 00454cam a2200145 4500500
005 20260329001744.0
041 _afre
042 _adc
100 1 0 _aChapuis, Émilie
_eauthor
245 0 0 _aEn faveur de l’équité
260 _c2009.
500 _a35
786 0 _nPhilosophie magazine | 27 | 3 | 2009-03-01 | p. 30-30 | 1951-1787
856 4 1 _uhttps://shs.cairn.info/magazine-philosophie-magazine-2009-3-page-30?lang=fr&redirect-ssocas=7080
999 _c1808307
_d1808307